00459 2200169 4500001002100000008004100021035002000062245008600082100001400168250000600182260004200188300001200230084001400242082000800256650001300264990001200277INLIS000000000000759 ind  a0010-0424000735 aPanduan Materi; Sukses Olimpiade Sains Ekonomi Makro dan Mikro Jilid 1cIsmawanto aIsmawanto a1 aJakarta :bBina Prestasi Insanic2019 a726 hlm a330 ISM e a330 aNonfiksi a0739650